| 000 | 01327nam0a22002771 4500 | ||
|---|---|---|---|
| 001 | rc\2776825 | ||
| 005 | 20250806204917.0 | ||
| 035 | _a(NLR Aleph) 006903109 | ||
| 090 |
_a31154 _c31154 |
||
| 100 | _a20110915d1941 u y0rusy50 ca | ||
| 101 | 0 | _arus | |
| 102 | _aRU | ||
| 105 | _aa z ||||| | ||
| 200 | 1 |
_aСтабилизация размеров закаленных изделий в процессе производства и эксплоатации _fКанд. тех. наук Я. Р. Раузин, инж. Я. П. Селисский, инж. З. Н. Либерман _gВсес. совет науч. инж.-тех. об-в. Ленингр. отд-ние Науч. инж.-тех. о-ва металлургов. II Всес. конф-ция-курсы по стахан. методам термообработки |
|
| 210 |
_a[Ленинград] _cБ. и. _d[1941] |
||
| 215 |
_a12 с., без обл. и тит. л. _cдиагр. _d23 см. |
||
| 700 | 1 |
_aРаузин _bЯ.Р. _gЯков Рафаилович |
|
| 701 | 1 |
_aЛиберман _bЗ.Н. |
|
| 701 | 1 |
_aСелисский _bЯ.П. |
|
| 801 | 0 |
_aRU _bNLR _gpsbo |
|
| 801 | 1 |
_aRU _bELAR _2rusmarc |
|
| 852 |
_aNLR _jТ36 Г-6/28 |
||
| 942 | _cBOOK | ||
| 945 | _aРоссийская национальная библиотека | ||
| 980 | _aNB | ||
| 980 | _aBV | ||